000 01349nam a2200373 a 4500
001 ebr10427515
003 CaPaEBR
006 m u
007 cr cn|||||||||
008 090126s2008 enk sb 001 0 eng
010 _z 2009275174
015 _aGBA882823
_2bnb
016 7 _z014656513
_2Uk
020 _z0567031845 (hbk.)
020 _z9780567031846 (hbk.)
020 _z0567031853 (pbk.)
020 _z9780567031853 (pbk.)
040 _aCaPaEBR
_cCaPaEBR
035 _a(OCoLC)676695882
050 1 4 _aBT111.3
_b.C65 2008eb
082 0 4 _a231/.044
_222
100 1 _aCollins, Paul M.
245 1 4 _aThe Trinity
_h[electronic resource] :
_ba guide for the perplexed /
_cPaul M. Collins.
260 _aLondon ;
_aNew York :
_bContinuum,
_cc2008.
300 _aix, 194 p.
490 1 _aGuides for the perplexed
504 _aIncludes bibliographical references (p. 147-186) and index.
533 _aElectronic reproduction.
_bPalo Alto, Calif. :
_cebrary,
_d2013.
_nAvailable via World Wide Web.
_nAccess may be limited to ebrary affiliated libraries.
650 0 _aTrinity.
655 7 _aElectronic books.
_2local
710 2 _aebrary, Inc.
830 0 _aGuides for the perplexed.
856 4 0 _uhttp://site.ebrary.com/lib/rucke/Doc?id=10427515
_zAn electronic book accessible through the World Wide Web; click to view
999 _c144237
_d144237